football/soccer quiz - Statistics

General Stats
  • This quiz has been taken 51 times
  • The average score is 10 of 15
Answer Stats
Hint Answer % Correct
barcelona star who is argentinian messi
100%
real madrid star who is portuguese ronaldo
100%
italien keeper who currently plays for juventus buffon
90%
the current most expensive player in the world. He is Brazilian neymar jr
90%
famous for the hand of god maradona
85%
described as the egyptian king salah
85%
player famous for biting others suarez
82%
swedish player who describes himself as a king and a lion ibrahimovich
72%
Belgian striker who is strong lukaku
67%
dutch superstar who is bold robben
62%
bend it like .......... beckham
56%
nicknamed the flying dutchman van persie
49%
ex german defender who never received a red card lahm
46%
french player with a middle name of labile pogba
38%
ex footballer who was nicknamed tarzan puyol
8%
No matching quizzes found
Score Distribution
Percent of People with Each Score
Percentile by Number Answered
Your Score History
You have not taken this quiz